Mô hình luật hình sự Việt Nam : (Các bảng hệ thống và sơ đồ)

Các bảng hệ thống và sơ đồ các qui định phạm pháp luật xác định những hành vi tội phạm và qui định các hình phạm được áp dụng đối với từng hành vi tội phạm

保存先:
書誌詳細
第一著者: Nguyễn, Ngọc Hòa
フォーマット: 図書
言語:Undetermined
出版事項: Hà Nội Công an nhân dân 2008
主題:
タグ: タグ追加
タグなし, このレコードへの初めてのタグを付けませんか!
Thư viện lưu trữ: Trung tâm Học liệu Trường Đại học Cần Thơ
LEADER 00879nam a2200217Ia 4500
001 CTU_155947
008 210402s9999 xx 000 0 und d
020 |c 10000 
082 |a 345.597 
082 |b H401 
100 |a Nguyễn, Ngọc Hòa 
245 0 |a Mô hình luật hình sự Việt Nam : 
245 0 |b (Các bảng hệ thống và sơ đồ) 
245 0 |c Nguyễn Ngọc Hòa 
260 |a Hà Nội 
260 |b Công an nhân dân 
260 |c 2008 
520 |a Các bảng hệ thống và sơ đồ các qui định phạm pháp luật xác định những hành vi tội phạm và qui định các hình phạm được áp dụng đối với từng hành vi tội phạm 
650 |a Criminal law 
904 |i Giang sửa 
980 |a Trung tâm Học liệu Trường Đại học Cần Thơ